[Event "CFriend RH-2005-0-00026 email"]
[Site "Chessfriend.com"]
[Date "2005.05.22"]
[Round "1"]
[White "Vuurboom, Jeroen"]
[Black "Marez, Sebastien"]
[Result "0-1"]
[WhiteElo "2000"]
[BlackElo "2333"]
[PlyCount "40"]
[EventDate "2005.05.22"]
[EventType "tourn (corr)"]
[EventRounds "6"]
[SourceTitle "Corr 2008"]
[Source "ChessBase"]
[SourceDate "2008.06.24"]
[SourceVersion "1"]
[SourceVersionDate "2008.06.24"]
[SourceQuality "1"]

1. d4 d5 2. c4 c6 3. cxd5 cxd5 4. Nc3 Nf6 5. Nf3 Nc6 6. Bf4 Bf5 7. e3 e6 8. Ne5 Nxe5 9. Bxe5 Nd7 10. Qb3 Nxe5 11. dxe5 Be7 12. Bb5+ Kf8 13. Be2 Qc7 14. f4 Qc5 15. Qxb7 Rd8 16. e4 dxe4 17. Rd1 g5 18. Rxd8+ Bxd8 19. fxg5 Kg7 20. g4 Bb6 0-1

[Event "CFriend RH-2005-0-00026 email"]
[Site "Chessfriend.com"]
[Date "2005.05.22"]
[Round "1"]
[White "Vuurboom, Jeroen"]
[Black "Rudolf, Michal"]
[Result "1-0"]
[WhiteElo "2000"]
[BlackElo "2251"]
[PlyCount "63"]
[EventDate "2005.05.22"]
[EventType "tourn (corr)"]
[EventRounds "6"]
[SourceTitle "Corr 2008"]
[Source "ChessBase"]
[SourceDate "2008.06.24"]
[SourceVersion "1"]
[SourceVersionDate "2008.06.24"]
[SourceQuality "1"]

1. d4 Nf6 2. c4 e6 3. Nc3 Bb4 4. e3 b6 5. Nge2 Ba6 6. a3 Be7 7. Nf4 d5 8. cxd5 Bxf1 9. dxe6 Ba6 10. exf7+ Kxf7 11. e4 c5 12. e5 Qxd4 13. e6+ Kf8 14. Qf3 Nc6 15. Qxc6 Rc8 16. Qf3 Qc4 17. Be3 Qb3 18. Rd1 Qxb2 19. Bc1 Qc2 20. g4 Rd8 21. Rxd8+ Bxd8 22. Bd2 Qb2 23. Nfe2 Bxe2 24. Qb7 Be7 25. Kxe2 Qb3 26. Qc8+ Ne8 27. Rg1 h5 28. g5 Qc4+ 29. Ke1 h4 30. h3 Qd3 31. Rg4 Qd8 32. Qc6 1-0